The Pinocchio effect : on making Italians (1860-1920)
Αποθηκεύτηκε σε:
| Κύριος συγγραφέας: | |
|---|---|
| Μορφή: | Βιβλίο |
| Γλώσσα: | English |
| Δημοσίευση: |
Chicago :
University of Chicago Press,
c2007
|
| Θέματα: | |
| Ετικέτες: |
Προσθήκη ετικέτας
Δεν υπάρχουν, Καταχωρήστε ετικέτα πρώτοι!
|
MARC
| LEADER | 00000nam a2200000 i 4500 | ||
|---|---|---|---|
| 001 | 1/5283 | ||
| 008 | 100304s2007 eng d | ||
| 020 | |a 978-0-226-77448-0 | ||
| 020 | |a 0-226-77448-1 | ||
| 035 | |l 10107107 | ||
| 040 | |a GR-MY-UA |b gre |e aacr | ||
| 041 | 0 | |a eng | |
| 082 | 0 | |a 945.084 |2 (22) | |
| 100 | 1 | |a Stewart-Steinberg, Suzanne. | |
| 245 | 1 | 4 | |a The Pinocchio effect : |b on making Italians (1860-1920) / |c Suzanne Stewart-Steinberg |
| 260 | |a Chicago : |b University of Chicago Press, |c c2007 | ||
| 300 | |a xv, 431 σ.; |b εικ.; |c 24 εκ. | ||
| 504 | |a Βιβλιογραφία: σ. 397-415 | ||
| 504 | |a Ευρετήριο: σ. 417-431 | ||
| 600 | 1 | 0 | |a Collodi Carlo |d 1826-1890 |x Avventure di Pinocchio. |
| 650 | 0 | 0 | |a National characteristics, Italian. |
| 650 | 0 | 0 | |a Nationalism |z Italy |x History. |
| 650 | 0 | 0 | |a Politics and culture |z Italy |x History. |
| 651 | 0 | |a Italy |x Civilization. | |
| 852 | |a INST |b LESVOS |e 20100304 |h 945.084 STE |p 005100046141 |q 005100046141 |t BK |y 0 | ||
| 901 | |a BIBL1-2010-1 | ||
| 909 | |a Λ |b 162935 | ||
| 920 | |a ΚΟΙΝΩΝΙΚΗΣ ΑΝΘΡΩΠΟΛΟΓΙΑΣ ΚΑΙ ΙΣΤΟΡΙΑΣ |y ΛΕΣΒΟΣ |z 2010-03 | ||
| 970 | |a ΓΙΑΛΑΜΑ |b ΜΑΡΙΑ |z 2010/03/04 | ||